000 00812nam a2200265Ia 4500
003 OSt
005 20220926000158.0
006 a|||||r|||| 00| 0
007 ta
008 220923b |||||||| |||| 00| 0 eng d
020 _a8121205972
037 _cGeneral Book
040 _aRTL
_cRTL
_beng
041 _2eng
_aeng
082 _aV252RKE.M5, N8
100 _aJafari Saiyid Zaheer Husain
_9302214
245 0 _aStudies in the anatomy of a transformation
_b Awadh from Mughal to colonial rule
260 _a New Delhi
_bGyan Publishing House
_c1998
300 _a217p
_ccm.
500 _aBibliography: P 195-212
650 _a History of Uttar Pradesh
650 _aHistory
942 _hV252RKE.M5, N8
_cGB
_2CC
999 _c598553
_d598553